Návrh riešenia na zlepšenie spracovania a digitalizácie údajov v spoločnosti Gestamp Nitra, s. r. o.

Saved in:
Bibliographic Details
Main Author: Bachanová, Nikola (Author)
Other Authors: Stareček, Augustín (Thesis advisor)
Format: Manuscript Book
Language:Slovak
Published: 2025
Subjects:
Online Access:http://is.stuba.sk/zp/portal_zp.pl?podrobnosti=183747
Tags: Add Tag
No Tags, Be the first to tag this record!

MARC

LEADER 00000ntm a22000003a 4500
001 stuzp104217
003 SK-STU
005 20250614212806.6
007 ta
008 150427s2015----xo-----f-mn---000-0-slo-d
040 |a STU  |b slo 
041 0 |a slo 
100 1 |a Bachanová, Nikola  |u 064000  |4 aut  |U MTF Materiálovotechnologická fakulta  |T MTF Ústav priemyselného inžinierstva a manažmentu  |X 112465  |U M4000  |Y 84  |7 112465 
242 0 1 |a Proposal for a solution to improve data processing and digitalization in Gestamp Nitra, s. r. o.  |y eng 
245 1 0 |a Návrh riešenia na zlepšenie spracovania a digitalizácie údajov v spoločnosti Gestamp Nitra, s. r. o. 
260 |c 2025 
650 4 |a visualization  |2 eng 
650 4 |a total productive maintenance  |2 eng 
650 4 |a digitalization  |2 eng 
650 4 |a industry 4.0  |2 eng 
650 4 |a vizualizácia  |2 slo 
650 4 |a totálne produktívna údržba  |2 slo 
650 4 |a Industry 4.0  |2 slo 
650 4 |a digitalizácia  |2 slo 
700 1 |a Stareček, Augustín  |u 064000  |k Z2  |4 ths  |U MTF Materiálovotechnologická fakulta  |T MTF Ústav priemyselného inžinierstva a manažmentu  |X 45682  |U M4000  |Y 84  |7 A000045682 
856 4 |u http://is.stuba.sk/zp/portal_zp.pl?podrobnosti=183747 
996 |c M* DP-15479  |l MMSKP  |s P  |a 0  |w stuzp104217_0001